Dejinami hýbe sila silných hovoríme s literárnou vedkyňou Norou Krausovou

Podrobná bibliografia
Hlavní autori: Podracká, Dana, 1954- (Autor), Krausová, Nora, 1920-2009 (Autor)
Médium: Článok
Jazyk:slovenčina
Fyzický popis:Fotogr. 2
ISSN:0862-5999
Predmet:

MARC

LEADER 00000nab a2200000 a 4500
001 vtls000641367
003 SK-MaSNL
005 20260304091727.0
008 250425c1997 xo 0 slo
015 |a SNBRB19rr/mm-uuuuu 
035 |a CL0641506 
035 |a urn:nbn:sk:snk-abaj3u 
035 |a (urnnbn)urn:nbn:sk:snk:ar-008bfr 
035 |a (uuid)2f187d5b-827a-441d-95e1-1a414af8b8d1 
040 |a SNKBUCL  |b slo  |c SNKBUCL  |e AACR2 
041 0 |a slo 
044 |a xo  |c SK 
080 |a 82:929:885.4  |2 1981 
080 |a 885.4  |2 1981 
100 1 |a Podracká, Dana,  |d 1954-  |4 aut  |9 212520 
245 1 0 |a Dejinami hýbe sila silných  |b hovoríme s literárnou vedkyňou Norou Krausovou  |c Dana Podracká 
300 |b Fotogr. 2 
600 1 7 |a Krausová, Nora,  |d 1920-2009  |2 snkbucl  |9 103843 
655 7 |a rozhovory  |2 snkbucl  |9 31831 
655 7 |a články z novín a časopisov  |2 snkbucl  |9 267496 
700 1 |a Krausová, Nora,  |d 1920-2009  |4 aut  |9 103843 
773 0 |t Literárny týždenník  |g Roč. 10, č. 46 (1997), s. 1 a 10  |x 0862-5999 
850 |a Slovenská národná knižnica 
852 |a Slovenská národná knižnica 
954 |a odborná, vedecká literatúra pôvodná (slovenská)  |2 lita 
958 |a article14 
958 |a OND 
958 |a EUIPO 
992 |a RBX 
999 |c 2816601  |d 2818531